[Event "Oer Erkenschwick GM"]
[Site "Oer Erkenschwick"]
[Date "2025.10.04"]
[Round "7"]
[White "Kantans, Toms"]
[Black "De Winter, Arthur"]
[Result "1/2-1/2"]
[WhiteElo "2535"]
[BlackElo "2462"]
[PlyCount "109"]
[EventDate "2025.09.30"]
[EventType "tourn"]
[EventRounds "9"]
[EventCountry "GER"]
[EventCategory "9"]
[SourceTitle "CB41_2025"]
[SourceDate "2025.10.08"]
[SourceVersion "1"]
[SourceVersionDate "2025.10.08"]
[SourceQuality "2"]

1. e4 e5 2. Bc4 Nf6 3. Nc3 Nc6 4. d3 Na5 5. Nge2 Bc5 6. 0-0 0-0 7. a4 Nxc4 8. dxc4 d6 9. Qd3 Be6 10. b3 a5 11. h3 h6 12. Be3 Nd7 13. Ng3 Bxe3 14. Qxe3 Qg5 15. Qf3 g6 16. Nb5 Rac8 17. Qc3 b6 18. Rae1 Nc5 19. Re3 Qh4 20. Qe1 Bd7 21. Nc3 f5 22. exf5 gxf5 23. f4 exf4 24. Nxf5 Qxe1 25. Ne7+ Kg7 26. Rexe1 Rce8 27. Ned5 Rxe1 28. Rxe1 f3 29. Re7+ Rf7 30. Rxf7+ Kxf7 31. g4 h5 32. gxh5 Bxh3 33. Kf2 Bg4 34. h6 Kg6 35. Kg3 Bd7 36. Kxf3 Kxh6 37. Ne2 Bf5 38. Nd4 Be4+ 39. Ke3 Bxd5 40. cxd5 Kg6 41. Nb5 Na6 42. Kd4 Kf6 43. Kc4 Ke7 44. c3 Kd7 45. b4 axb4 46. cxb4 c6 47. dxc6+ Kxc6 48. Nd4+ Kb7 49. Nf5 d5+ 50. Kc3 Kc7 51. Ne7 Kd6 52. Nc8+ Kc7 53. Ne7 Kd6 54. Nc8+ Kc7 55. Ne7 1/2-1/2

[Event "Oer Erkenschwick GM"]
[Site "Oer Erkenschwick"]
[Date "2025.10.03"]
[Round "5"]
[White "Meskovs, Nikita"]
[Black "De Winter, Arthur"]
[Result "1/2-1/2"]
[WhiteElo "2554"]
[BlackElo "2462"]
[PlyCount "93"]
[EventDate "2025.09.30"]
[EventType "tourn"]
[EventRounds "9"]
[EventCountry "GER"]
[EventCategory "9"]
[SourceTitle "CB41_2025"]
[SourceDate "2025.10.08"]
[SourceVersion "1"]
[SourceVersionDate "2025.10.08"]
[SourceQuality "2"]

1. Nf3 Nf6 2. d4 d5 3. c3 e6 4. Bf4 c5 5. e3 Bd6 6. Bb5+ Nc6 7. Bxc6+ bxc6 8. Bxd6 Qxd6 9. Qa4 0-0 10. Qa3 Ne4 11. Nfd2 e5 12. Nxe4 dxe4 13. Nd2 exd4 14. cxd4 Qg6 15. dxc5 Qxg2 16. 0-0-0 Qxf2 17. Nxe4 Qh4 18. Rd4 Bf5 19. Nd6 Qh5 20. Qc3 Bg6 21. h4 a5 22. Rg1 Rab8 23. b3 Rb4 24. Rxb4 axb4 25. Qxb4 Qf3 26. Qd2 Rb8 27. Rd1 Qf6 28. Qd4 Qf2 29. Nf5 f6 30. Ne7+ Kf7 31. Nxg6 hxg6 32. Rd2 Qe1+ 33. Kc2 Kg8 34. a4 Kh7 35. a5 Re8 36. a6 Rxe3 37. a7 Re8 38. h5 gxh5 39. Rh2 Ra8 40. Rxh5+ Kg6 41. Qg4+ Kf7 42. Rh7 Qf2+ 43. Kb1 Qe1+ 44. Kc2 Qf2+ 45. Kb1 Qe1+ 46. Kc2 Qf2+ 47. Kb1 1/2-1/2

[Event "Oer Erkenschwick GM"]
[Site "Oer Erkenschwick"]
[Date "2025.10.01"]
[Round "3"]
[White "Wachinger, Nikolas"]
[Black "De Winter, Arthur"]
[Result "1/2-1/2"]
[WhiteElo "2450"]
[BlackElo "2462"]
[PlyCount "72"]
[EventDate "2025.09.30"]
[EventType "tourn"]
[EventRounds "9"]
[EventCountry "GER"]
[EventCategory "9"]
[SourceTitle "CB41_2025"]
[SourceDate "2025.10.08"]
[SourceVersion "1"]
[SourceVersionDate "2025.10.08"]
[SourceQuality "2"]

1. e4 e5 2. Nf3 Nc6 3. Bb5 a6 4. Ba4 Nf6 5. 0-0 Be7 6. Re1 b5 7. Bb3 0-0 8. a4 Bb7 9. d3 d6 10. Bd2 b4 11. c3 Rb8 12. cxb4 Bc8 13. b5 axb5 14. axb5 Rxb5 15. Ra8 Rb8 16. Rxb8 Nxb8 17. d4 exd4 18. Nxd4 c5 19. Nb5 Bg4 20. Qc2 Nc6 21. Bc3 Qd7 22. Qd2 Rb8 23. Bc4 Be6 24. b3 d5 25. exd5 Nxd5 26. Bb2 Bf6 27. Bxf6 Nxf6 28. Qxd7 Nxd7 29. N1c3 Nd4 30. Nxd4 cxd4 31. Nd5 Kf8 32. Rd1 Ne5 33. Kf1 Nc6 34. Ke2 Na5 35. Rxd4 Nxb3 36. Bxb3 Rxb3 1/2-1/2

[Event "NED-ch Blitz"]
[Site "Rotterdam"]
[Date "2025.09.13"]
[Round "5"]
[White "De Winter, Arthur"]
[Black "Schoorl, Rob"]
[Result "1-0"]
[WhiteElo "2460"]
[BlackElo "2278"]
[PlyCount "260"]
[EventDate "2025.09.13"]
[EventType "tourn (blitz)"]
[EventRounds "11"]
[EventCountry "NED"]
[EventCategory "6"]
[SourceTitle "CB38_2025"]
[SourceDate "2025.09.17"]
[SourceVersion "1"]
[SourceVersionDate "2025.09.17"]
[SourceQuality "1"]

1. e4 e5 2. Nf3 Nc6 3. Bb5 a6 4. Ba4 Nf6 5. 0-0 b5 6. Bb3 Bb7 7. Re1 Bc5 8. c3 d6 9. d4 Bb6 10. a4 h6 11. Be3 0-0 12. h3 Re8 13. Nbd2 exd4 14. cxd4 Nb4 15. e5 Nfd5 16. Ne4 Nxe3 17. Rxe3 dxe5 18. Bxf7+ Kxf7 19. Qb3+ Nd5 20. Nxe5+ Kg8 21. Nc5 Bxc5 22. dxc5 c6 23. Rae1 Qf6 24. Nxc6 Bxc6 25. Rxe8+ Rxe8 26. Rxe8+ Bxe8 27. Qxd5+ Qf7 28. Qa8 bxa4 29. c6 Kh7 30. c7 Bd7 31. c8Q Bxc8 32. Qxc8 Qb3 33. Qxa6 Qxb2 34. Qxa4 Qc1+ 35. Kh2 Qc7+ 36. g3 Qe5 37. Qc2+ g6 38. h4 h5 39. Qd3 Kg7 40. Kg2 Qc5 41. Qe4 Qd6 42. Kh2 Qd2 43. Qe7+ Kg8 44. Qe6+ Kg7 45. Kg2 Qb2 46. Qd6 Qb7+ 47. Kh2 Qf3 48. Qd4+ Kg8 49. Qe3 Qf5 50. Kg2 Qd5+ 51. Qf3 Qd4 52. Qc6 Kg7 53. Qc7+ Kg8 54. Qb7 Qe5 55. Qb3+ Kg7 56. Qe3 Qd5+ 57. f3 Qa2+ 58. Kh3 Qa1 59. Qe7+ Kg8 60. Qe8+ Kg7 61. Qe7+ Kg8 62. Kg2 Qb2+ 63. Kf1 Qb1+ 64. Qe1 Qd3+ 65. Qe2 Qd4 66. Kg2 Kg7 67. Qe4 Qd2+ 68. Kf1 Qd1+ 69. Kf2 Qd2+ 70. Qe2 Qd4+ 71. Kg2 Qa1 72. Qc2 Qe1 73. Qf2 Qa1 74. g4 hxg4 75. fxg4 Qa4 76. Qf3 Qd4 77. Kg3 Qe5+ 78. Kh3 Qe1 79. g5 Qe6+ 80. Kg3 Qe5+ 81. Qf4 Qc3+ 82. Kf2 Qb2+ 83. Kf3 Qc3+ 84. Qe3 Qc6+ 85. Qe4 Qd6 86. Ke3 Qg3+ 87. Kd4 Qd6+ 88. Kc4 Qc7+ 89. Kd3 Qg3+ 90. Kc2 Qf2+ 91. Kc3 Qc5+ 92. Kd3 Qa3+ 93. Ke2 Qb2+ 94. Kf3 Qc3+ 95. Kf4 Qd2+ 96. Ke5 Qh2+ 97. Ke6 Qf2 98. Qe5+ Kh7 99. Qc7+ Kg8 100. Qd8+ Kh7 101. Qe7+ Kg8 102. Qe8+ Kg7 103. Qd7+ Kg8 104. Ke7 Qf7+ 105. Kd8 Qf4 106. Qe8+ Kg7 107. Qe7+ Kg8 108. Qe6+ Kg7 109. Qe7+ Kg8 110. Ke8 Qa4+ 111. Qd7 Qe4+ 112. Qe7 Qa4+ 113. Kd8 Qa8+ 114. Kd7 Qd5+ 115. Qd6 Qb7+ 116. Ke6 Qf7+ 117. Ke5 Qf5+ 118. Kd4 Qf2+ 119. Kd5 Qf5+ 120. Qe5 Qf3+ 121. Qe4 Qb3+ 122. Qc4 Qe3 123. Kd6+ Kg7 124. Qd5 Qb6+ 125. Kd7 Qa7+ 126. Ke6 Qf7+ 127. Kd6 Qf8+ 128. Kd7 Qf5+ 129. Qe6 Qb5+ 130. Kd8 Qb8+ 1-0

[Event "NED-ch KO"]
[Site "Venlo"]
[Date "2025.07.10"]
[Round "3.2"]
[White "De Winter, Arthur"]
[Black "Van Wely, Loek"]
[Result "1/2-1/2"]
[WhiteElo "2448"]
[BlackElo "2629"]
[PlyCount "57"]
[EventDate "2025.07.05"]
[EventType "k.o."]
[EventRounds "4"]
[EventCountry "NED"]
[SourceTitle "CB29_2025"]
[SourceDate "2025.07.16"]
[SourceVersion "1"]
[SourceVersionDate "2025.07.16"]
[SourceQuality "1"]

1. e4 c5 2. Nf3 d6 3. d4 cxd4 4. Nxd4 Nf6 5. Nc3 a6 6. Bc4 e6 7. Be3 Nc6 8. Bb3 Be7 9. Nxc6 bxc6 10. g4 0-0 11. g5 Nd7 12. h4 d5 13. Qd2 Nc5 14. Bxc5 Bxc5 15. 0-0-0 a5 16. h5 Bb4 17. h6 g6 18. exd5 cxd5 19. Rhg1 a4 20. Qd4 Bxc3 21. bxc3 f6 22. Bxa4 Qe7 23. Bb3 fxg5 24. Rge1 Ra7 25. Kb1 Rf4 26. Qe5 Rf5 27. Qd4 Rf4 28. Qe5 Rf5 29. Qd4 1/2-1/2

[Event "NED-ch KO"]
[Site "Venlo"]
[Date "2025.07.10"]
[Round "2.1"]
[White "L'Ami, Erwin"]
[Black "De Winter, Arthur"]
[Result "1-0"]
[WhiteElo "2618"]
[BlackElo "2448"]
[PlyCount "109"]
[EventDate "2025.07.05"]
[EventType "k.o."]
[EventRounds "4"]
[EventCountry "NED"]
[SourceTitle "CB29_2025"]
[SourceDate "2025.07.16"]
[SourceVersion "1"]
[SourceVersionDate "2025.07.16"]
[SourceQuality "1"]

1. e4 e5 2. Nf3 Nc6 3. Bb5 a6 4. Ba4 Nf6 5. 0-0 Nxe4 6. d4 Be7 7. Re1 b5 8. Bb3 d5 9. dxe5 Be6 10. c3 0-0 11. Nbd2 Nc5 12. Nd4 Nxd4 13. cxd4 Nd3 14. Re3 Nxc1 15. Rxc1 a5 16. Nf3 a4 17. Bc2 g6 18. Rc3 a3 19. bxa3 Bxa3 20. Rb1 Be7 21. Bb3 Bf5 22. Rb2 Qd7 23. h3 Rfc8 24. Re2 Kg7 25. Ne1 c5 26. dxc5 d4 27. c6 Qd8 28. Rf3 Rxc6 29. Rxf5 gxf5 30. Nd3 Rac8 31. Re1 Qd7 32. Qe2 Rc4 33. Qh5 R8c6 34. Rd1 Bd8 35. Qf3 Bc7 36. g3 Rh6 37. h4 Rg6 38. Re1 Rc3 39. Qe2 Qc6 40. Kh2 Qe4 41. Nf4 Qxe2 42. Rxe2 Rg4 43. Nd5 Rc5 44. f4 Ba5 45. Ne7 Kf8 46. Nxf5 d3 47. Re4 d2 48. Rd4 Ke8 49. h5 Bc3 50. Rd3 Bxe5 51. Kh3 Rg8 52. fxe5 Rxe5 53. g4 Re2 54. Bd5 Kf8 55. Bc6 1-0

[Event "NED-ch KO"]
[Site "Venlo"]
[Date "2025.07.10"]
[Round "2.6"]
[White "L'Ami, Erwin"]
[Black "De Winter, Arthur"]
[Result "0-1"]
[WhiteElo "2618"]
[BlackElo "2448"]
[PlyCount "86"]
[EventDate "2025.07.05"]
[EventType "k.o."]
[EventRounds "4"]
[EventCountry "NED"]
[SourceTitle "CB29_2025"]
[SourceDate "2025.07.16"]
[SourceVersion "1"]
[SourceVersionDate "2025.07.16"]
[SourceQuality "1"]

1. d4 e6 2. Nf3 Nf6 3. c4 h6 4. Nc3 Bb4 5. e3 b6 6. Bd3 Bb7 7. 0-0 0-0 8. Bd2 d6 9. a3 Bxc3 10. Bxc3 Nbd7 11. Nd2 Re8 12. e4 e5 13. Re1 Nf8 14. f3 Ne6 15. Nb3 Nf4 16. Bf1 Qe7 17. c5 bxc5 18. dxe5 dxe5 19. Na5 c6 20. Nc4 Rad8 21. Qa4 N6h5 22. Bxe5 Qg5 23. Bxf4 Nxf4 24. Kh1 h5 25. Rad1 h4 26. Nd6 Re7 27. Nf5 Red7 28. Rxd7 Rxd7 29. Qxa7 g6 30. Ne3 h3 31. g3 Nd3 32. Bxd3 Rxd3 33. Qb8+ Kg7 34. Ng4 Rxf3 35. Qe5+ Qxe5 36. Nxe5 Rf2 37. Nd3 Rc2 38. Rc1 Rd2 39. Nxc5 Bc8 40. Kg1 Rg2+ 41. Kh1 Rxb2 42. a4 Bg4 43. Rf1 Bf3+ 0-1

[Event "NED-ch KO"]
[Site "Venlo"]
[Date "2025.07.10"]
[Round "3.1"]
[White "Van Wely, Loek"]
[Black "De Winter, Arthur"]
[Result "1/2-1/2"]
[WhiteElo "2629"]
[BlackElo "2448"]
[PlyCount "137"]
[EventDate "2025.07.05"]
[EventType "k.o."]
[EventRounds "4"]
[EventCountry "NED"]
[SourceTitle "CB29_2025"]
[SourceDate "2025.07.16"]
[SourceVersion "1"]
[SourceVersionDate "2025.07.16"]
[SourceQuality "1"]

1. c4 e6 2. Nc3 d5 3. d4 Nf6 4. cxd5 exd5 5. Bg5 c6 6. e3 h6 7. Bh4 Be7 8. Bd3 0-0 9. Nge2 Nbd7 10. Qc2 a5 11. h3 b5 12. 0-0 Re8 13. Bg3 Ba6 14. Rac1 Qb6 15. Rfd1 Bf8 16. Nf4 Rac8 17. Bh2 g5 18. Nfe2 b4 19. Na4 Bxd3 20. Nxb6 Bxc2 21. Nxd7 Nxd7 22. Rxc2 a4 23. g4 Nb6 24. b3 c5 25. dxc5 axb3 26. axb3 Bxc5 27. Nd4 Bf8 28. Rdc1 Rxc2 29. Rxc2 Rc8 30. Rxc8 Nxc8 31. Kf1 Nb6 32. Ke2 Nd7 33. Bc7 f6 34. Ba5 Kf7 35. f4 gxf4 36. exf4 Bd6 37. Kf3 Kg6 38. Nc2 h5 39. Nxb4 hxg4+ 40. hxg4 Nc5 41. Nxd5 Nxb3 42. f5+ Kg5 43. Bc3 Be5 44. Bxe5 fxe5 45. Ke4 Nc5+ 46. Kxe5 Kxg4 47. Nf6+ Kg5 48. Nh7+ Kh6 49. Nf8 Nb7 50. f6 Nd8 51. Kd6 Kg5 52. Ke7 Kf5 53. Nd7 Nc6+ 54. Kf7 Kg5 55. Kg7 Nd8 56. Kf8 Nc6 57. Kf7 Kf5 58. Kg7 Nd8 59. Nc5 Kg5 60. Nd7 Kf5 61. Nf8 Kg5 62. Nh7+ Kf5 63. Kf8 Kg6 64. Ke8 Nf7 65. Ke7 Nh6 66. Nf8+ Kf5 67. Nd7 Ng8+ 68. Kf7 Nxf6 69. Nxf6 1/2-1/2

[Event "Maastricht Limburg 17th"]
[Site "Maastricht"]
[Date "2025.06.08"]
[Round "7"]
[White "Zelbel, Patrick"]
[Black "De Winter, Arthur"]
[Result "1/2-1/2"]
[WhiteElo "2488"]
[BlackElo "2460"]
[PlyCount "107"]
[EventDate "2025.06.04"]
[EventType "tourn"]
[EventRounds "9"]
[EventCountry "NED"]
[EventCategory "8"]
[SourceTitle "CB24_2025"]
[SourceDate "2025.06.11"]
[SourceVersion "1"]
[SourceVersionDate "2025.06.11"]
[SourceQuality "1"]

1. e4 c5 2. c3 d5 3. exd5 Qxd5 4. d4 g6 5. Nf3 Bg7 6. Nbd2 cxd4 7. Bc4 Qc5 8. Qb3 Nh6 9. Ne4 Qb6 10. Nxd4 0-0 11. 0-0 Nf5 12. Nxf5 Bxf5 13. Ng3 Bd7 14. Re1 e6 15. Ne4 Bc6 16. Bg5 Nd7 17. Rad1 Nc5 18. Qxb6 axb6 19. Nd6 Na4 20. Rd2 b5 21. Bb3 Nc5 22. h4 Ra6 23. Red1 h6 24. Be3 Nxb3 25. axb3 Rfa8 26. c4 bxc4 27. bxc4 Ra1 28. Bd4 Rxd1+ 29. Rxd1 Ra4 30. Bxg7 Kxg7 31. b3 Rb4 32. Rd3 f5 33. f4 Kf6 34. Kf2 e5 35. fxe5+ Kxe5 36. Nf7+ Kf6 37. Nd6 Ke6 38. g3 g5 39. hxg5 hxg5 40. Ke3 Rb6 41. Kd4 Ra6 42. c5 Ra2 43. b4 Rb2 44. Kc3 Rb1 45. Re3+ Kf6 46. Ne8+ Kg6 47. Nd6 f4 48. Re6+ Kh5 49. gxf4 gxf4 50. Rf6 Kg4 51. b5 Bxb5 52. Kc2 Rb4 53. Kc3 Rb1 54. Kc2 1/2-1/2

[Event "Maastricht Limburg 17th"]
[Site "Maastricht"]
[Date "2025.06.07"]
[Round "6"]
[White "De Winter, Arthur"]
[Black "Grutter, Tim"]
[Result "1/2-1/2"]
[WhiteElo "2460"]
[BlackElo "2404"]
[PlyCount "63"]
[EventDate "2025.06.04"]
[EventType "tourn"]
[EventRounds "9"]
[EventCountry "NED"]
[EventCategory "8"]
[SourceTitle "CB24_2025"]
[SourceDate "2025.06.11"]
[SourceVersion "1"]
[SourceVersionDate "2025.06.11"]
[SourceQuality "1"]

1. d4 Nf6 2. c4 e6 3. Nf3 d5 4. g3 Bb4+ 5. Nc3 0-0 6. Bg2 dxc4 7. 0-0 c5 8. dxc5 Bxc5 9. Qxd8 Rxd8 10. Ne5 Nc6 11. Nxc4 Bd7 12. Bf4 Rac8 13. Rac1 b6 14. Rfd1 Be8 15. h3 h6 16. b3 Rxd1+ 17. Rxd1 Rd8 18. Rxd8 Nxd8 19. Bc7 Nc6 20. Bd6 Bxd6 21. Nxd6 Ne7 22. Kf1 Bc6 23. Ncb5 a5 24. Bxc6 Nxc6 25. Ke1 Nd7 26. Kd2 Kf8 27. a3 Ke7 28. Kc3 g5 29. Nc8+ Kd8 30. Ncd6 Ke7 31. Nc8+ Kd8 32. Ncd6 1/2-1/2

[Event "Maastricht Limburg 17th"]
[Site "Maastricht"]
[Date "2025.06.05"]
[Round "3"]
[White "De Winter, Arthur"]
[Black "Braun, Christian1"]
[Result "1/2-1/2"]
[WhiteElo "2460"]
[BlackElo "2390"]
[PlyCount "70"]
[EventDate "2025.06.04"]
[EventType "tourn"]
[EventRounds "9"]
[EventCountry "NED"]
[EventCategory "8"]
[SourceTitle "CB24_2025"]
[SourceDate "2025.06.11"]
[SourceVersion "1"]
[SourceVersionDate "2025.06.11"]
[SourceQuality "1"]

1. d4 Nf6 2. c4 g6 3. Nc3 d5 4. cxd5 Nxd5 5. e4 Nxc3 6. bxc3 Bg7 7. Bc4 c5 8. Ne2 Nc6 9. Be3 0-0 10. 0-0 Na5 11. Bd3 b6 12. Rc1 cxd4 13. cxd4 e6 14. Qd2 Bb7 15. h4 Qd7 16. h5 Rfc8 17. h6 Bf8 18. Ng3 Rxc1 19. Rxc1 Rc8 20. Rd1 Nc4 21. Bxc4 Rxc4 22. d5 e5 23. f3 Bd6 24. Nf1 Qa4 25. Bf2 Rc2 26. Qd3 Qxa2 27. Rd2 Rxd2 28. Nxd2 Qa1+ 29. Kh2 Qc1 30. Be3 Qc8 31. Nc4 Bb8 32. Qb3 Ba6 33. Nxb6 Qd8 34. Na4 Qh4+ 35. Kg1 Qe1+ 1/2-1/2

[Event "Utrecht OKU op 50th"]
[Site "Utrecht"]
[Date "2025.05.30"]
[Round "1"]
[White "De Winter, Arthur"]
[Black "Leenen, Boyd"]
[Result "1-0"]
[WhiteElo "2462"]
[BlackElo "1985"]
[PlyCount "73"]
[EventDate "2025.05.30"]
[EventType "swiss"]
[EventRounds "6"]
[EventCountry "NED"]
[SourceTitle "CB23_2025"]
[SourceDate "2025.06.04"]
[SourceVersion "1"]
[SourceVersionDate "2025.06.04"]
[SourceQuality "1"]

1. d4 Nf6 2. c4 e6 3. Nf3 d5 4. Nc3 c6 5. Bg5 Be7 6. e3 Nbd7 7. Qc2 0-0 8. Rc1 h6 9. Bh4 a6 10. cxd5 cxd5 11. Bd3 b5 12. 0-0 Bb7 13. h3 Rc8 14. Qb1 Bd6 15. Ne2 Qa5 16. Bg3 Bxg3 17. Nxg3 Qb6 18. Rxc8 Rxc8 19. Rc1 Rxc1+ 20. Qxc1 Qc6 21. Qe1 Ne4 22. Ne2 Nd6 23. Qb4 Qb6 24. Ne5 Nb8 25. Nc3 f6 26. Ng6 Nd7 27. Nf4 Kf7 28. a3 a5 29. Qb3 Bc6 30. Qd1 Nf8 31. b3 Qb7 32. h4 Kg8 33. h5 Ne4 34. Nxe4 dxe4 35. Bf1 Qe7 36. Qc2 Bd7 37. Qc7 1-0

[Event "Titled Tuesday intern op 01st Apr Early"]
[Site "Chess.com INT"]
[Date "2025.04.01"]
[Round "2"]
[White "Mateus, Alejandro"]
[Black "De Winter, Arthur"]
[Result "1-0"]
[WhiteElo "2237"]
[BlackElo "2448"]
[PlyCount "57"]
[EventDate "2025.04.01"]
[EventType "swiss (blitz)"]
[EventRounds "11"]
[EventCountry "USA"]
[SourceTitle "CB15_2025"]
[SourceDate "2025.04.09"]
[SourceVersion "1"]
[SourceVersionDate "2025.04.09"]
[SourceQuality "1"]

1. e4 c5 2. Nf3 d6 3. d4 cxd4 4. Nxd4 Nf6 5. Nc3 a6 6. f3 e5 7. Nb3 Be6 8. Be3 Be7 9. Qd2 h5 10. Nd5 Nxd5 11. exd5 Bf5 12. Be2 Bh4+ 13. g3 Be7 14. 0-0-0 Nd7 15. Kb1 Rc8 16. Bd3 Bxd3 17. Qxd3 0-0 18. g4 h4 19. Rhg1 Bg5 20. Nd2 Bxe3 21. Qxe3 Nb6 22. Ne4 Nc4 23. Qf2 f5 24. gxf5 Rxf5 25. Rg6 Rc7 26. Rdg1 Rcf7 27. Ng5 R7f6 28. Rxg7+ Kxg7 29. Ne6+ 1-0

[Event "Titled Tuesday intern op 25th Mar Early"]
[Site "Chess.com INT"]
[Date "2025.03.25"]
[Round "7"]
[White "De Winter, Arthur"]
[Black "Kevlishvili, Robby"]
[Result "1-0"]
[WhiteElo "2448"]
[BlackElo "2536"]
[PlyCount "55"]
[EventDate "2025.03.25"]
[EventType "swiss (blitz)"]
[EventRounds "11"]
[EventCountry "USA"]
[SourceTitle "CB14_2025"]
[SourceDate "2024.11.01"]
[SourceVersion "1"]
[SourceVersionDate "2024.11.01"]
[SourceQuality "1"]

1. e4 a6 2. d4 e6 3. Nf3 d5 4. exd5 Qxd5 5. Nc3 Bb4 6. Bd3 Nf6 7. 0-0 Bxc3 8. bxc3 0-0 9. c4 Qd8 10. Re1 h6 11. Bf4 b6 12. Qd2 Bb7 13. Bxh6 Bxf3 14. Bxg7 Ng4 15. Bxf8 Qh4 16. gxf3 Nxh2 17. Kg2 Kxf8 18. Rh1 Nc6 19. Rxh2 Qxd4 20. Rd1 Qg7+ 21. Kf1 Ke7 22. Rh5 Rg8 23. Be4 Rd8 24. Qc1 Nd4 25. c3 Rg8 26. cxd4 Qg2+ 27. Ke2 f5 28. Rh7+ 1-0

[Event "Titled Tuesday intern op 25th Mar Early"]
[Site "Chess.com INT"]
[Date "2025.03.25"]
[Round "4"]
[White "De Winter, Arthur"]
[Black "Kjartansson, Gudmundur"]
[Result "1-0"]
[WhiteElo "2448"]
[BlackElo "2451"]
[PlyCount "97"]
[EventDate "2025.03.25"]
[EventType "swiss (blitz)"]
[EventRounds "11"]
[EventCountry "USA"]
[SourceTitle "CB14_2025"]
[SourceDate "2024.11.01"]
[SourceVersion "1"]
[SourceVersionDate "2024.11.01"]
[SourceQuality "1"]

1. e4 e5 2. Nf3 Nc6 3. Bc4 Bc5 4. d3 Nf6 5. c3 0-0 6. Bg5 h6 7. Bh4 Be7 8. 0-0 d6 9. Nbd2 Nh5 10. Bxe7 Qxe7 11. d4 Nf4 12. Re1 Kh8 13. Nf1 Bg4 14. h3 Bh5 15. Ng3 Bg6 16. b4 a6 17. a4 Qf6 18. b5 axb5 19. axb5 Na5 20. Bf1 b6 21. dxe5 dxe5 22. Qd7 Rfd8 23. Qxc7 Nxh3+ 24. gxh3 Qxf3 25. Qxb6 Qxc3 26. Rec1 Qb4 27. Rab1 Qe7 28. Qc5 Qxc5 29. Rxc5 f6 30. b6 Be8 31. b7 Rab8 32. Rxa5 Bc6 33. Rc5 Rxb7 34. Rxb7 Bxb7 35. Rc7 Ba8 36. h4 Rb8 37. h5 Kg8 38. Bc4+ Kh8 39. Bd5 Bxd5 40. exd5 Rd8 41. Nf5 Rxd5 42. Nxg7 e4 43. Ne8 Rg5+ 44. Kf1 Rf5 45. Nd6 Rxh5 46. Nxe4 Rf5 47. Rf7 Rf4 48. Nxf6 h5 49. Rh7# 1-0

[Event "Titled Tuesday intern op 25th Mar Early"]
[Site "Chess.com INT"]
[Date "2025.03.25"]
[Round "5"]
[White "Ollier, Pablo"]
[Black "De Winter, Arthur"]
[Result "0-1"]
[WhiteElo "2280"]
[BlackElo "2448"]
[PlyCount "70"]
[EventDate "2025.03.25"]
[EventType "swiss (blitz)"]
[EventRounds "11"]
[EventCountry "USA"]
[SourceTitle "CB14_2025"]
[SourceDate "2024.11.01"]
[SourceVersion "1"]
[SourceVersionDate "2024.11.01"]
[SourceQuality "1"]

1. d4 d5 2. c4 dxc4 3. e4 b5 4. a4 c6 5. Nc3 Qb6 6. axb5 cxb5 7. b3 e6 8. bxc4 Bb4 9. Bb2 bxc4 10. Bxc4 Nf6 11. Bd3 Nc6 12. Nge2 Nxd4 13. Nxd4 0-0 14. Nde2 Rd8 15. 0-0 a5 16. Qb1 Ng4 17. h3 Nxf2 18. Rxf2 Bc5 19. Nd1 Rb8 20. Ba3 Qc7 21. Qa2 Rxd3 22. Bxc5 Qxc5 23. Rc1 Qd6 24. Qc4 Rxd1+ 25. Rf1 Rxf1+ 26. Kxf1 Ba6 27. Qc2 h5 28. Kg1 Rc8 29. Nc3 Qf4 30. Kh1 Bd3 31. Qb2 Bxe4 32. Qa3 Rc4 33. Na2 Rxc1+ 34. Nxc1 Qf1+ 35. Kh2 Qxg2# 0-1

[Event "Delft OGD Rapid op 24th"]
[Site "Delft"]
[Date "2025.03.15"]
[Round "4"]
[White "De Winter, Arthur"]
[Black "Vrolijk, Liam"]
[Result "1-0"]
[WhiteElo "2448"]
[BlackElo "2517"]
[PlyCount "67"]
[EventDate "2025.03.15"]
[EventType "swiss (rapid)"]
[EventRounds "7"]
[EventCountry "NED"]
[SourceTitle "CB12_2025"]
[SourceDate "2025.03.19"]
[SourceVersion "1"]
[SourceVersionDate "2025.03.19"]
[SourceQuality "1"]

1. e4 e5 2. Nf3 Nc6 3. Bc4 Nf6 4. Ng5 d5 5. exd5 Na5 6. Bb5+ c6 7. dxc6 bxc6 8. Bd3 Nd5 9. Nf3 Bd6 10. 0-0 0-0 11. Re1 f5 12. Nxe5 Qf6 13. Nf3 g5 14. c4 Nf4 15. Bf1 g4 16. d4 gxf3 17. Qxf3 Ne6 18. Qc3 Nxd4 19. c5 Bc7 20. b4 Rb8 21. bxa5 Be6 22. Kh1 Bd5 23. Bc4 Nc2 24. Qxc2 Qxa1 25. Bxd5+ cxd5 26. Nc3 Bxa5 27. Bd2 Qb2 28. Qd3 Rbe8 29. Rb1 Qa3 30. Qxd5+ Kh8 31. Nb5 Qa4 32. Be3 Bd8 33. Nd6 Qc2 34. Rg1 1-0

[Event "Delft OGD Rapid op 24th"]
[Site "Delft"]
[Date "2025.03.15"]
[Round "5"]
[White "Lopez, Jasel"]
[Black "De Winter, Arthur"]
[Result "0-1"]
[WhiteElo "2347"]
[BlackElo "2448"]
[PlyCount "72"]
[EventDate "2025.03.15"]
[EventType "swiss (rapid)"]
[EventRounds "7"]
[EventCountry "NED"]
[SourceTitle "CB12_2025"]
[SourceDate "2025.03.19"]
[SourceVersion "1"]
[SourceVersionDate "2025.03.19"]
[SourceQuality "1"]

1. d4 d5 2. c4 e6 3. Nf3 Nf6 4. g3 dxc4 5. Bg2 Bb4+ 6. Bd2 c5 7. Bxb4 cxb4 8. Ne5 0-0 9. 0-0 Nc6 10. Nxc6 bxc6 11. Bxc6 Rb8 12. e3 Qb6 13. Bf3 Ba6 14. Re1 Rfd8 15. Qc2 e5 16. dxe5 Nd7 17. Nd2 Nxe5 18. Bg2 Rbc8 19. Ne4 Bb7 20. Red1 h6 21. Rxd8+ Rxd8 22. Rd1 a5 23. Rxd8+ Qxd8 24. Nd2 Ba6 25. Be4 g6 26. f4 Ng4 27. Nxc4 Bxc4 28. Qxc4 Qd1+ 29. Qf1 Qd2 30. Bg2 Nxe3 31. Qf2 Qc1+ 32. Bf1 Nxf1 33. Qxf1 Qxb2 34. Qc4 a4 35. h4 b3 36. axb3 a3 0-1

[Event "Titled Tuesday intern op 25th Feb Early"]
[Site "Chess.com INT"]
[Date "2025.02.25"]
[Round "6"]
[White "De Winter, Arthur"]
[Black "Tang, Andrew"]
[Result "0-1"]
[WhiteElo "2447"]
[BlackElo "2529"]
[PlyCount "132"]
[EventDate "2025.02.25"]
[EventType "swiss (blitz)"]
[EventRounds "11"]
[EventCountry "USA"]
[SourceTitle "CB10_2025"]
[SourceDate "2025.03.05"]
[SourceVersion "1"]
[SourceVersionDate "2025.03.05"]
[SourceQuality "1"]

1. e4 e5 2. Nf3 Nc6 3. Bb5 g6 4. 0-0 Bg7 5. c3 a6 6. Ba4 b5 7. Bc2 d6 8. h3 Nf6 9. d4 0-0 10. Re1 Re8 11. Nbd2 Bb7 12. d5 Nb8 13. b3 c6 14. c4 Nbd7 15. a4 Qc7 16. Ba3 Rec8 17. Rc1 bxa4 18. bxa4 Nc5 19. Nb3 Nxa4 20. dxc6 Bxc6 21. Bxd6 Qa7 22. Nxe5 Nc3 23. Qf3 Ncxe4 24. Nxc6 Rxc6 25. c5 Rxd6 26. Bxe4 Nxe4 27. cxd6 Nxd6 28. Rc6 Nf5 29. g4 Nd4 30. Nxd4 Bxd4 31. Rc4 Rd8 32. Rd1 Bxf2+ 33. Kg2 Rxd1 34. Qxd1 Bh4 35. Qd4 Qb7+ 36. Qe4 Qb2+ 37. Rc2 Qf6 38. Ra2 Qd6 39. Qa8+ Kg7 40. Qxa6 Qg3+ 41. Kf1 Qxh3+ 42. Kg1 Qxg4+ 43. Kf1 Qh3+ 44. Kg1 Bg5 45. Kf2 h5 46. Qc4 Qh2+ 47. Kf3 Qh3+ 48. Ke2 h4 49. Rd2 Qg3 50. Rd7 Qe5+ 51. Kd1 Qf5 52. Qd4+ Bf6 53. Qd5 Qxd5+ 54. Rxd5 g5 55. Ke2 Kg6 56. Kf3 Kh5 57. Rf5 Kg6 58. Kg4 Be7 59. Rf1 f6 60. Rf5 Bd6 61. Rd5 Be5 62. Rb5 f5+ 63. Kf3 g4+ 64. Kg2 Bf4 65. Rb8 h3+ 66. Kh1 Bxb8 0-1